00470nam a22001577a 450000500170000001000150001702000260003203500140005803700130007208200120008510000180009724500570011526000400017227000710021230000290028320170818145016.0 aENG-119891 c675.00a9789389393316 aEN-103423 bDBAD/PUB a915.403 aSingh, Laxmi  aIndian states & union territories /cby Laxmi Singh  bSanket Prakashan c2014aAllahabad  a5 Upendra Nath Ashk Marg (Old Khusrobagh Road)bAllahabad e211001 av, 319p :c21cm(Hb)bill